Fireproof-Lyrics - Statistics

General Stats
  • This quiz has been taken 72 times
  • The average score is 207 of 235
Answer Stats
% Correct
a
100%
I
100%
I've
100%
and
98%
I'm
98%
so
98%
fireproof
95%
you
95%
baby
93%
be
93%
do
93%
it
93%
it's
93%
my
93%
the
93%
way
93%
can't
91%
gonna
91%
me
91%
think
91%
up
91%
been
89%
long
89%
loves
89%
nobody
89%
of
89%
something
89%
give
86%
inside
86%
lose
86%
out
86%
til
86%
til'
86%
feeling
84%
got
84%
luck
84%
mind
84%
roll
84%
cause
82%
deep
82%
all
80%
I've
80%
knows
80%
yeah
80%
taking
77%
this
77%
win
77%
time
75%
were
75%
won't
75%
change
66%
changed
66%
must
66%
burning
64%
maybe
64%
on
57%
saves
57%
stream
57%
than
57%
wind
57%
hotter
55%
jet
55%
riding
45%
gotta
41%
No matching quizzes found
Score Distribution
Percent of People with Each Score
Percentile by Number Answered
Your Score History
You have not taken this quiz